<?xml version="1.0" encoding="UTF-8"?><?xml-stylesheet type="text/xsl" href="static/style.xsl"?><OAI-PMH xmlns="http://www.openarchives.org/OAI/2.0/" xmlns:xsi="http://www.w3.org/2001/XMLSchema-instance" xsi:schemaLocation="http://www.openarchives.org/OAI/2.0/ http://www.openarchives.org/OAI/2.0/OAI-PMH.xsd"><responseDate>2026-04-17T09:17:59Z</responseDate><request verb="GetRecord" identifier="oai:riubu.ubu.es:10259/5852" metadataPrefix="marc">https://riubu.ubu.es/oai/request</request><GetRecord><record><header><identifier>oai:riubu.ubu.es:10259/5852</identifier><datestamp>2024-07-16T10:24:06Z</datestamp><setSpec>com_10259_9391</setSpec><setSpec>com_10259_5087</setSpec><setSpec>com_10259_2728</setSpec><setSpec>col_10259_9392</setSpec></header><metadata><record xmlns="http://www.loc.gov/MARC21/slim" xmlns:doc="http://www.lyncode.com/xoai" xmlns:xsi="http://www.w3.org/2001/XMLSchema-instance" xmlns:dcterms="http://purl.org/dc/terms/" xsi:schemaLocation="http://www.loc.gov/MARC21/slim http://www.loc.gov/standards/marcxml/schema/MARC21slim.xsd">
<leader>00925njm 22002777a 4500</leader>
<datafield tag="042" ind1=" " ind2=" ">
<subfield code="a">dc</subfield>
</datafield>
<datafield tag="720" ind1=" " ind2=" ">
<subfield code="a">Gómez González, Consolación</subfield>
<subfield code="e">author</subfield>
</datafield>
<datafield tag="520" ind1=" " ind2=" ">
<subfield code="a">Este Trabajo de Fin de Grado analiza los fundamentos de la tecnología blockchain para obtener un&#xd;
conocimiento básico sobre lo que significa, su origen y evolución, su funcionamiento y las ventajas que&#xd;
ofrece sobre otras tecnologías digitales. Se presenta brevemente la utilidad de esta tecnología en los&#xd;
distintos sectores, pero, sobre todo, se detallan las aplicaciones y ventajas del blockchain en el marketing&#xd;
alimentario. Para una mejor comprensión, se analizan algunos casos de éxito y, por último, a fin de&#xd;
determinar el grado de conocimiento y aplicación del blockchain en el sector agroalimentario de Castilla&#xd;
y León se realiza un estudio empírico a través del análisis de los resultados de una encuesta contestada&#xd;
por 48 empresas.</subfield>
</datafield>
<datafield tag="520" ind1=" " ind2=" ">
<subfield code="a">This Bachelor Thesis analyzes the fundamentals of blockchain technology to obtain a basic knowledge&#xd;
about what it means, its origin and evolution, its operation and the advantages it offers over other digital&#xd;
technologies. The usefulness of this technology in the different sectors is briefly presented, but above all,&#xd;
the applications and advantages of blockchain in food marketing are detailed. For a better&#xd;
understanding, some success stories are analyzed and finally, in order to determine the degree of&#xd;
knowledge and application of the blockchain in the agri-food sector of Castilla y León an empirical&#xd;
study is carried out through the analysis of the results of a survey answered by 48 companies.</subfield>
</datafield>
<datafield tag="024" ind2=" " ind1="8">
<subfield code="a">http://hdl.handle.net/10259/5852</subfield>
</datafield>
<datafield ind1=" " ind2=" " tag="653">
<subfield code="a">Blockchain</subfield>
</datafield>
<datafield ind1=" " ind2=" " tag="653">
<subfield code="a">contratos inteligentes</subfield>
</datafield>
<datafield ind1=" " ind2=" " tag="653">
<subfield code="a">trazabilidad</subfield>
</datafield>
<datafield ind1=" " ind2=" " tag="653">
<subfield code="a">cadena de suministro</subfield>
</datafield>
<datafield ind1=" " ind2=" " tag="653">
<subfield code="a">fraude</subfield>
</datafield>
<datafield ind1=" " ind2=" " tag="653">
<subfield code="a">smart contracts</subfield>
</datafield>
<datafield ind1=" " ind2=" " tag="653">
<subfield code="a">traceability</subfield>
</datafield>
<datafield ind1=" " ind2=" " tag="653">
<subfield code="a">supply chain</subfield>
</datafield>
<datafield ind1=" " ind2=" " tag="653">
<subfield code="a">fraud</subfield>
</datafield>
<datafield tag="245" ind1="0" ind2="0">
<subfield code="a">Blockchain applications in food marketing</subfield>
</datafield>
</record></metadata></record></GetRecord></OAI-PMH>